| 000 | 01561cam a2200313 a 4500 | ||
|---|---|---|---|
| 001 | 15783810 | ||
| 003 | OSt | ||
| 005 | 20241025143424.0 | ||
| 008 | 090622s2009 mnu b 000 0 eng | ||
| 010 | _a 2009025328 | ||
| 020 | _a9780800662615 (alk. paper) | ||
| 035 | _a(OCoLC)ocn297149651 | ||
| 040 |
_aDLC _cDLC _dYDX _dBTCTA _dYDXCP _dUKM _dCDX _dSOR _dIDI _dBWX _dDLC |
||
| 050 | 0 | 0 |
_aBV4460.5 _b.K64 2009 |
| 100 | 1 |
_aWeaver, Andrew J., _d1947- _931827 |
|
| 245 | 1 | 0 |
_aPastoral care of alcohol abusers / _cAndrew J. Weaver and Harold G. Koenig. |
| 260 |
_aMinneapolis, MN : _bFortress Press, _cc2009. |
||
| 300 |
_axv, 77 p. ; _c22 cm. |
||
| 490 | 1 | _aCreative pastoral care and counseling series | |
| 504 | _aIncludes bibliographical references. | ||
| 505 | 0 | 0 |
_gEditor's foreword / _rHoward W. Stone -- _tIn memoriam / _rAndrew J. Weaver -- _gIntroduction -- _tCase study #1: the depressed teen -- _tCase study #2: the alcoholic gambler -- _tCase study #3: the traumatized veteran -- _tCase study #4: the grieving older woman -- _tCase study #5: the retired drinker -- _tTwelve-step programs -- _tMaking an effective referral -- _gResources. |
| 650 | 0 |
_aChurch work with alcoholics. _937787 |
|
| 650 | 0 |
_aPastoral counseling. _937788 |
|
| 700 | 1 |
_aKoenig, Harold G. _q(Harold George), _d1951- _931823 |
|
| 830 | 0 |
_aCreative pastoral care and counseling series. _930215 |
|
| 906 |
_a7 _bcbc _corignew _d1 _eecip _f20 _gy-gencatlg |
||
| 942 |
_2lcc _cBK _03 |
||
| 999 |
_c61841 _d61815 |
||